000 00728nam a22002177a 4500
003 BUBTL
008 180514b xxu||||| |||| 00| 0 eng d
020 _a978-0-07-017220-3
082 _a519.5
_bLIS
100 _934
_a Lind, Douglas A.
245 _aStatistical Techniques in Business & Economics
_cDouglas A. Lind, William G. Marchal and Samuel A. Wathen
250 _a14th
260 _aNew York
_bMc Graw Hill
_c2010
300 _a[xxvi] , 826p . :
_bTable , Graph ; 23cm .
_cStatistics .
500 _aIncludes Index .
650 0 _9171
_aStatistics
700 _91866
_aDouglas A. Lind, William G. Marchal and Samuel A. Wathen
856 _k0
_l0
_yDownload
942 _2ddc
_cBK
999 _c5720
_d5720